000 00414nam a2200193Ia 4500
008 210210b1962 xxu||||| |||| 00| 0 eng d
041 _aeng
082 _a531/100
100 _aMUKHERJEE (J C)
245 _aCollege physics Part II
260 _aCalcutta
_b-
_c1962
300 _a228
650 _aphysics
650 _aPart
650 _aII
650 _aCollege
690 _aPhysics
906 _a008301
999 _c126200
_d126200